000 00492nam a2200181Ia 4500
999 _c31221
_d31221
001 31099
003 PK-LaUMT
005 20221004165408.0
008 140416s9999 xx 000 0 und d
040 _cPK-LaUMT
082 _aW 658.4032
_bMUL-A
100 _aMulvaney, John
245 _aAnalysis bar charting
_ba simplified critical path analysis technique
_cMulvaney, John
260 _aWashington,USA:
_bWorld Bank,
_c1969
300 _a100 p.
546 _aEN
942 _cWEEDED OUT
_2ddc